Америка (Запис номер 12236)
[ съкратено ]
| 000 -Лидер | |
|---|---|
| Контролно поле с фиксирана дължина | 01943nam a2200409 c 4500 |
| 003 - Код на организацията, давaща контролен номер | |
| Контролно поле | BLK |
| 005 - Дата и час на последна редакция | |
| Контролно поле | 20240917094314.0 |
| 008 - Елементи от данни с фиксирана дължина | |
| fixed length control field | 180412b bul|||||r ||||||| ||bul|| |
| 010 ## - Наследен системен номер | |
| LC control number | KNG00013823000 |
| 020 ## - Международен стандартен номер на книга ISBN | |
| Международен стандартен номер на книга ISBN | 954-450-053-7 |
| -- | издат.: Евразия-Абагар |
| 040 ## - Източник на каталожния запис | |
| Идентификатор на билиотеката - собственик на записа | BLK |
| 041 ## - Код за език | |
| Код за езика на текст/звукозапис или на отделно заглавие | Български |
| Код за езика КДБФ | Български |
| 080 ## - УДК | |
| Текстов определител УДК | Социология на културата и цивилизацията |
| УДК код - определител по УДК | 316.7 |
| УДК определител | (73) |
| УДК - код + определител | 316.7(73) |
| 080 ## - УДК | |
| Текстов определител УДК | Цивилизация. Култура. Прогрес. История на културата вж 930.85 |
| УДК код - определител по УДК | 008 |
| УДК определител | (73) |
| УДК - код + определител | 008(73) |
| 100 1# - Редна дума - Автор | |
| Автор | Бодрияр, Жан |
| Авторска отговорност | първи автор |
| R(LIN) | 40270 |
| 139 ## - Редно поле | |
| Редна дума | Бодрияр, Жан |
| Авторски знак | Бого - Б 55 |
| 245 10 - Сведения за заглавието | |
| Заглавие | Америка |
| Редно поле (дума) | Жан Бодрияр; прев. от фр. Зорница Стефанова Китинска. |
| 257 ## - Страна на издаване | |
| Страна на създаване/издаване | Франция |
| 260 ## - Област на издателските данни | |
| -- | Плевен |
| Име на издателя, разпространителя и проч. | Евразия-Абагар |
| Година на издаване | 1996 |
| 300 ## - Физическа характеристика | |
| Страници | 264 с. |
| Размери/Мащаб | 20 см |
| 380 ## - Жанр | |
| Жанр | Обществени науки |
| 490 1# - СЕРИИ (Колекции) | |
| Име на серия | Съвременни философи |
| 500 ## - Общи забележки | |
| Забележка | Ориг. загл. Amerique / Jean Baudrillard. - Съдържа и Във водовъртежа на Алмалкия разказАл или преоткриване на Америка / Ив. Райнова. - 1 500 тир. |
| 650 #4 - Допълнително описание по предмет – тема | |
| Основно описание – тема или топоним | Култура - САЩ - социология |
| 9 (RLIN) | 257356 |
| 650 #4 - Допълнително описание по предмет – тема | |
| Основно описание – тема или топоним | Цивилизация - САЩ - нравствено-етични проблеми |
| 9 (RLIN) | 257357 |
| 650 #4 - Допълнително описание по предмет – тема | |
| Основно описание – тема или топоним | Американски начин на живот - социологични проблеми |
| 9 (RLIN) | 146838 |
| 651 #4 - Допълнително описание по предмет - топоним | |
| Географско понятие | САЩ |
| 9 (RLIN) | 179493 |
| 653 ## - Ключова дума – ненормативна | |
| Ключова дума | култура |
| 653 ## - Ключова дума – ненормативна | |
| Ключова дума | социология |
| 700 1# - Други автори (авторска отговорност) | |
| Лично име | Китинска, Зорница Стефанова |
| Автороска отговорност (Описва отношението между автора и произведението) | прев. от фр. |
| 9 (RLIN) | 79412 |
| 852 ## - Местоположение | |
| Форматна сигнатура | Цб 190141 |
| 856 4# - Електронен адрес и достъп | |
| Електронен формат | pdf - файл |
| Път до файла /url/ | |
| 856 4# - Електронен адрес и достъп | |
| Електронен формат | pdf - файл |
| Път до файла /url/ | |
| 942 ## - АРТИКУЛИ | |
| Вид на библиотечния материал | Книги |
| Скрит в OPAC | Не |
| Koha issues (borrowed), all copies | 3 |
| 944 ## - СЪЗДАВАНЕ И РЕДАКЦИЯ на ЗАПИСА | |
| Създаване/Редакция | Създаване |
| Дата на регистрацията/редакция | 15.01.2003 |
| Служител, извършил регистрацията/редакцията | 30575 |
| Статус, дата на статуса | Мартин Енчев |
| 944 ## - СЪЗДАВАНЕ И РЕДАКЦИЯ на ЗАПИСА | |
| Създаване/Редакция | Редакция |
| Дата на регистрацията/редакция | 15.01.2003 |
| Служител, извършил регистрацията/редакцията | |
| 999 ## - СИСТЕМНИ КОНТРОЛНИ НОМЕРА | |
| Koha biblionumber | 12236 |
| Koha biblioitemnumber | 12236 |
| Код за отписване | Код за изгубен артикул | Източник на класификационната схема | Код за повреда | Коз за рестрикции | Код за отдаване | Артикулен № | Име на библиотеката - собственик | Име на библиотеката, в която се намира в момента | Статус (Текущо местоположение) | Дата на вписване в системата | Местоположение - отдел | Цена в лева | Инвентарен номер | Систематично азбучна сигнатура | Баркод | Номер на екземпляра | Цена в евро | Служебна бележка | Служебен тип на артикула |
|---|---|---|---|---|---|---|---|---|---|---|---|---|---|---|---|---|---|---|---|
| Не е изгубен | Universal Decimal Classification | Не е повреден | без рестрикции | заемане за дома | 21206 | Регионална библиотека "Любен Каравелов" Русе | Регионална библиотека "Любен Каравелов" Русе | Заемна - подръчен фонд | 2001-01-01 | Заемна - подръчен фонд | 0.78 | 623778 | П 316.7/Б 55 | 120000623778 | 1 | 0.40 | Дост: Pk Вид: Ф N: стар фонд Дата: 01.01.1996 Дата инв: 02.02.2018 Бележки инв: П2018 | Книги | |
| Не е изгубен | Universal Decimal Classification | Не е повреден | без рестрикции | ползва се в читалня | 21207 | Регионална библиотека "Любен Каравелов" Русе | Регионална библиотека "Любен Каравелов" Русе | Хранилище | 2001-01-01 | Хранилище | 0.00 | 626380 | Цб 190141 | 120000626380 | 2 | 0.00 | Дост: Dp Вид: Д N: стар фонд Дата: 01.01.1996 | Книги |